Automobilová veda vidí na peniaze

Vývoj v automotive. Časť zdrojov EÚ pre priemysel zhltnú chradnúce automobilky, no bude aj na vývoj. Vizitka európskeho automobilového priemyslu.

Na minha lista:
Detalhes bibliográficos
Autor principal: Jesný, Martin
Formato: Capítulo de Livro
Idioma:eslovaco
Assuntos:
Tags: Adicionar Tag
Sem tags, seja o primeiro a adicionar uma tag!

MARC

LEADER 00000naa a2200000 4500
001 0162362
005 20231113080531.1
041 0 |a slo 
044 |a SK 
245 1 0 |a Automobilová veda vidí na peniaze  |c Martin Jesný 
520 |a Vývoj v automotive. Časť zdrojov EÚ pre priemysel zhltnú chradnúce automobilky, no bude aj na vývoj. Vizitka európskeho automobilového priemyslu. 
610 2 0 |a priemysel automobilový 
610 2 0 |a Slovensko 
610 2 0 |a zdroje finančné 
610 2 0 |a Európska únia 
610 2 0 |a inovácia 
100 1 |a Jesný, Martin